Confucian constitutional order (Record no. 1111333)

MARC details
000 -LEADER
fixed length control field 01181nam a2200325Ia 4500
003 - CONTROL NUMBER IDENTIFIER
control field OSt
005 - DATE AND TIME OF LATEST TRANSACTION
control field 20221006155718.0
008 - FIXED-LENGTH DATA ELEMENTS--GENERAL INFORMATION
fixed length control field 221006b |||||||| |||| 00| 0 eng d
020 ## - INTERNATIONAL STANDARD BOOK NUMBER
International Standard Book Number 9780691154602
-- 9.50
037 ## - SOURCE OF ACQUISITION
Terms of availability Textual
040 ## - CATALOGING SOURCE
Original cataloging agency EASL
Transcribing agency EASL
Language of cataloging eng
041 ## - LANGUAGE CODE
Source of code eng
Language code of text/sound track or separate title eng
100 ## - MAIN ENTRY--PERSONAL NAME
Personal name Qing Jiang
9 (RLIN) 670104
245 #0 - TITLE STATEMENT
Title Confucian constitutional order
Remainder of title How China's ancient past can shape its political future
260 ## - PUBLICATION, DISTRIBUTION, ETC.
Place of publication, distribution, etc. Princeton
Name of publisher, distributor, etc. Princeton University Press U.K.
Date of publication, distribution, etc. 2013
300 ## - PHYSICAL DESCRIPTION
Extent 264p.
Dimensions cm.
490 ## - SERIES STATEMENT
Series statement The Princeton - China Series
650 ## - SUBJECT ADDED ENTRY--TOPICAL TERM
Topical term or geographic name entry element China - Politics and government - Philosophy
9 (RLIN) 670105
650 ## - SUBJECT ADDED ENTRY--TOPICAL TERM
Topical term or geographic name entry element Confucianism and state - China
9 (RLIN) 670106
650 ## - SUBJECT ADDED ENTRY--TOPICAL TERM
Topical term or geographic name entry element CEL
700 ## - ADDED ENTRY--PERSONAL NAME
Personal name Bell Daniel A. Ed.
9 (RLIN) 454236
700 ## - ADDED ENTRY--PERSONAL NAME
Personal name Fan Ruiping Ed.
9 (RLIN) 670107
700 ## - ADDED ENTRY--PERSONAL NAME
Personal name Ryden Edmund Tr.
9 (RLIN) 670108
942 ## - ADDED ENTRY ELEMENTS (KOHA)
Classification part W.41.PO9, Q3
Koha item type Textual
Source of classification or shelving scheme Colon Classification (CC)
Holdings
Withdrawn status Lost status Source of classification or shelving scheme Materials specified (bound volume or other part) Damaged status Not for loan Home library Current library Date acquired Source of acquisition Total Checkouts Full call number Barcode Date last seen Date last checked out Price effective from Koha item type
    Colon Classification (CC) 9.50     Department of East Asian Studies Library Department of East Asian Studies Library 2022-10-06 155/2012-13, 08/01/2013, Pioneer Book Distributor 1 W.41.PO9 Q3 EA1396118 2026-03-05 2025-11-11 2022-10-06 Textual
Copyright @ Delhi University Library System